[Event "SVK-chT 2324"]
[Site "Slovakia"]
[Date "2023.12.09"]
[Round "3.5"]
[White "Nadzamova, Viktoria"]
[Black "Vojtek, Vladimir"]
[Result "0-1"]
[WhiteElo "2049"]
[BlackElo "2259"]
[PlyCount "54"]
[EventDate "2023.11.04"]
[EventType "team-tourn"]
[EventRounds "11"]
[EventCountry "SVK"]
[SourceTitle "CB04_2024"]
[SourceDate "2023.10.16"]
[SourceVersion "1"]
[SourceVersionDate "2023.10.16"]
[SourceQuality "1"]
[WhiteTeam "Levice"]
[BlackTeam "Dubnica nad Vahom"]
[WhiteTeamCountry "SVK"]
[BlackTeamCountry "SVK"]

1. e4 e5 2. Nf3 Nc6 3. Bb5 a6 4. Ba4 b5 5. Bb3 Na5 6. 0-0 d6 7. d4 exd4 8. e5 Nxb3 9. axb3 dxe5 10. Nxe5 Be6 11. Qe2 Bd6 12. f4 Ne7 13. f5 Bxe5 14. fxe6 f6 15. Nd2 0-0 16. Nf3 Ng6 17. Rd1 Qd6 18. Kh1 Rad8 19. Nxe5 Qxe6 20. c3 dxc3 21. Re1 Nxe5 22. bxc3 Qxb3 23. Rxa6 Qxc3 24. Be3 Rfe8 25. Rc1 Qd3 26. Qa2+ Nc4 27. Bg1 Re2 0-1

[Event "SVK-ch Rapid"]
[Site "Podbanske"]
[Date "2023.10.01"]
[Round "8"]
[White "Gombocz, Ferenc Jr"]
[Black "Vojtek, Vladimir"]
[Result "1-0"]
[WhiteElo "2314"]
[BlackElo "2258"]
[PlyCount "133"]
[EventDate "2023.09.30"]
[EventType "tourn (rapid)"]
[EventRounds "10"]
[EventCountry "SVK"]
[SourceTitle "EXT 2024"]
[Source "ChessBase"]
[SourceDate "2023.10.10"]
[SourceVersion "1"]
[SourceVersionDate "2023.10.10"]
[SourceQuality "1"]

1. d4 d5 2. Nf3 e6 3. Bf4 Bd6 4. e3 Nf6 5. Ne5 Nfd7 6. Bg3 Bxe5 7. dxe5 a6 8. Bd3 Nc6 9. f4 h5 10. 0-0 Nc5 11. Nd2 Bd7 12. Nf3 Qe7 13. Bh4 Qf8 14. Qd2 Ne7 15. b4 Nxd3 16. cxd3 Nf5 17. Bf2 Bc6 18. a4 Bd7 19. Rfc1 Rc8 20. e4 Ne7 21. b5 axb5 22. axb5 Bxb5 23. Nd4 Bd7 24. Qb4 Nc6 25. Qxb7 Qb4 26. Nb5 0-0 27. Bc5 Qb3 28. Bxf8 Rxf8 29. Rxc6 Bxc6 30. Qxc6 Qxd3 31. Rc1 Qxe4 32. Qxc7 Qxf4 33. Qc3 Ra8 34. Rf1 Qg5 35. Nd6 Ra2 36. Qf3 f5 37. exf6 gxf6 38. Rb1 Kg7 39. Ne8+ Kg6 40. Rf1 f5 41. Nd6 Rd2 42. g3 Qg4 43. Qe3 Qd4 44. Qxd4 Rxd4 45. Re1 Kf6 46. Ne8+ Kf7 47. Nc7 Re4 48. Rxe4 dxe4 49. Kf2 Kf6 50. Ke3 Kg5 51. Nxe6+ Kg4 52. Nf4 h4 53. Ne2 hxg3 54. hxg3 Kg5 55. Kf2 Kg4 56. Kg2 Kg5 57. Kh3 Kh5 58. Nf4+ Kg5 59. Kh2 Kg4 60. Kg2 Kg5 61. Kh3 Kf6 62. Kh4 Ke5 63. Ng2 Kf6 64. Kh5 Ke5 65. Kg5 Ke6 66. Ne3 Ke5 67. Nxf5 1-0

[Event "SVK-ch Rapid"]
[Site "Podbanske"]
[Date "2023.09.30"]
[Round "3"]
[White "Hrnciar, Roman"]
[Black "Vojtek, Vladimir"]
[Result "0-1"]
[WhiteElo "1963"]
[BlackElo "2258"]
[PlyCount "72"]
[EventDate "2023.09.30"]
[EventType "tourn (rapid)"]
[EventRounds "10"]
[EventCountry "SVK"]
[SourceTitle "EXT 2024"]
[Source "ChessBase"]
[SourceDate "2023.10.10"]
[SourceVersion "1"]
[SourceVersionDate "2023.10.10"]
[SourceQuality "1"]

1. f4 f5 2. Nf3 Nf6 3. b3 e6 4. e3 Be7 5. Bb2 b6 6. Be2 Bb7 7. 0-0 0-0 8. c4 a5 9. Nc3 Na6 10. d3 h6 11. Ne5 Kh7 12. Bh5 Nxh5 13. Qxh5 Bf6 14. Qg6+ Kg8 15. e4 d6 16. Nf3 fxe4 17. dxe4 Qe8 18. Qg3 Bxe4 19. Nxe4 Bxb2 20. Rab1 Bf6 21. Nxf6+ Rxf6 22. Nh4 Nc5 23. Rbe1 Qf7 24. a3 Rf8 25. b4 axb4 26. axb4 Na6 27. Qa3 Rxf4 28. Nf3 Nb8 29. c5 bxc5 30. bxc5 e5 31. cxd6 cxd6 32. Qxd6 e4 33. Nd2 Rxf1+ 34. Rxf1 Qa7+ 35. Kh1 Rxf1+ 36. Nxf1 Qb7 0-1

[Event "Maia op 7th"]
[Site "Maia"]
[Date "2023.09.02"]
[Round "9"]
[White "Li, Guohao"]
[Black "Vojtek, Vladimir"]
[Result "0-1"]
[WhiteElo "2042"]
[BlackElo "2252"]
[PlyCount "62"]
[EventDate "2023.08.25"]
[EventType "swiss"]
[EventRounds "9"]
[EventCountry "POR"]
[SourceTitle "EXT 2024"]
[Source "ChessBase"]
[SourceDate "2023.10.10"]
[SourceVersion "1"]
[SourceVersionDate "2023.10.10"]
[SourceQuality "1"]

1. d4 e6 2. Nf3 b6 3. c4 Bb7 4. Nc3 Nf6 5. Bg5 Be7 6. e3 h6 7. Bh4 Ne4 8. Bxe7 Qxe7 9. Rc1 0-0 10. Bd3 Nxc3 11. Rxc3 d6 12. 0-0 Nd7 13. e4 e5 14. d5 a5 15. b3 Bc8 16. a3 Nc5 17. b4 axb4 18. axb4 Nxd3 19. Qxd3 f5 20. Nd2 fxe4 21. Nxe4 Bf5 22. c5 Qh4 23. f3 Bxe4 24. Qxe4 Rf4 25. Qc2 bxc5 26. bxc5 Rfa4 27. cxd6 Qd4+ 28. Kh1 Ra2 29. Qd3 Ra1 30. Qxd4 Rxf1+ 31. Qg1 Raa1 0-1

[Event "SVK-chT 2223"]
[Site "Slovakia"]
[Date "2023.01.21"]
[Round "5.3"]
[White "Vojtek, Vladimir"]
[Black "Mrva, Martin"]
[Result "1-0"]
[WhiteElo "2256"]
[BlackElo "2379"]
[PlyCount "85"]
[EventDate "2022.10.22"]
[EventType "team-tourn"]
[EventRounds "11"]
[EventCountry "SVK"]
[SourceTitle "EXT 2024"]
[Source "ChessBase"]
[SourceDate "2023.10.10"]
[SourceVersion "1"]
[SourceVersionDate "2023.10.10"]
[SourceQuality "1"]
[WhiteTeam "Dubnica nad Vahom"]
[BlackTeam "Humenne Reinter"]
[WhiteTeamCountry "SVK"]
[BlackTeamCountry "SVK"]

1. e4 c5 2. f4 d5 3. exd5 Nf6 4. Bb5+ Nbd7 5. Qf3 a6 6. Be2 Nb6 7. c4 Qc7 8. d3 g6 9. Nc3 Bg7 10. Qf2 0-0 11. Be3 Nbd7 12. h3 b5 13. Nf3 Rb8 14. Rb1 Ne8 15. 0-0 Nd6 16. cxb5 axb5 17. Ne4 Nf5 18. Rfc1 Nxe3 19. Qxe3 Qa7 20. a3 Bb7 21. Nxc5 Nf6 22. Qf2 Bxd5 23. Ne5 Rfd8 24. Bf3 Qa8 25. Bxd5 Rxd5 26. Ne4 Nh5 27. Nc3 Rd6 28. Ne4 Re6 29. Rc5 Rd8 30. Rbc1 f6 31. Nc6 Re8 32. g4 f5 33. Ng5 Rxc6 34. Rxc6 fxg4 35. hxg4 Nf6 36. Qe3 e5 37. fxe5 Nxg4 38. Qe4 Nxe5 39. Re6 Qa7+ 40. Kh1 Qd7 41. Rxe8+ Qxe8 42. Qb7 Nf7 43. Rc8 1-0

[Event "Krakow op-A 33rd"]
[Site "Krakow"]
[Date "2023.01.02"]
[Round "6"]
[White "Turski, Bartlomiej"]
[Black "Vojtek, Vladimir"]
[Result "1/2-1/2"]
[WhiteElo "2375"]
[BlackElo "2260"]
[PlyCount "63"]
[EventDate "2022.12.27"]
[EventType "swiss"]
[EventRounds "9"]
[EventCountry "POL"]
[SourceTitle "CBM 212 Extra"]
[Source "ChessBase"]
[SourceDate "2023.03.31"]
[SourceVersion "1"]
[SourceVersionDate "2023.03.31"]
[SourceQuality "1"]

1. e4 e6 2. d4 d5 3. e5 b6 4. c3 Qd7 5. Nf3 Ne7 6. Bd3 Ba6 7. Bxa6 Nxa6 8. Qe2 Nb8 9. 0-0 Nf5 10. Rd1 Be7 11. c4 c6 12. Nc3 h6 13. a4 a6 14. g4 Nh4 15. Nxh4 Bxh4 16. f4 Qd8 17. Rf1 Nd7 18. f5 Ra7 19. b3 Bg5 20. cxd5 cxd5 21. fxe6 fxe6 22. Qd3 Nf8 23. Ne2 h5 24. Ba3 Be7 25. Bxe7 Qxe7 26. Rac1 Qd8 27. Nf4 Qg5 28. Rc8+ Ke7 29. Qc3 a5 30. Qc6 Rd7 31. Qxb6 Qxg4+ 32. Ng2 1/2-1/2

[Event "Krakow op-A 33rd"]
[Site "Krakow"]
[Date "2023.01.02"]
[Round "7"]
[White "Vojtek, Vladimir"]
[Black "Maslanka, Wojciech"]
[Result "1/2-1/2"]
[WhiteElo "2260"]
[BlackElo "2103"]
[PlyCount "130"]
[EventDate "2022.12.27"]
[EventType "swiss"]
[EventRounds "9"]
[EventCountry "POL"]
[SourceTitle "CBM 212 Extra"]
[Source "ChessBase"]
[SourceDate "2023.03.31"]
[SourceVersion "1"]
[SourceVersionDate "2023.03.31"]
[SourceQuality "1"]

1. e4 c5 2. Nf3 d6 3. d4 cxd4 4. Nxd4 Nf6 5. Nc3 a6 6. h3 e5 7. Nde2 h5 8. Bg5 Nbd7 9. Ng3 g6 10. Bc4 Qc7 11. Bb3 b5 12. Qf3 Bg7 13. Nd5 Qd8 14. Nf1 Bb7 15. Nfe3 Qa5+ 16. c3 Nxd5 17. Bxd5 Bxd5 18. Nxd5 f6 19. Be3 Qd8 20. g4 hxg4 21. hxg4 Rxh1+ 22. Qxh1 Kf7 23. 0-0-0 Qa5 24. Kb1 Qa4 25. Qf3 Rh8 26. Nb4 Rh3 27. Qe2 Bf8 28. b3 Qa5 29. Qd3 Kg7 30. Qd5 Qc7 31. Kb2 Qc8 32. Qe6 a5 33. g5 Rf3 34. Nd5 fxg5 35. Qg4 Rf7 36. Qxg5 Nf6 37. Qh6+ Kg8 38. Qxg6+ Bg7 39. Rg1 Nxd5 40. exd5 a4 41. Qxd6 e4 42. Qe5 b4 43. Bd4 bxc3+ 44. Bxc3 Rxf2+ 45. Ka3 Qc5+ 46. b4 Rxa2+ 47. Kxa2 Qxg1 48. Qe6+ Kf8 49. Qf5+ Kg8 50. Bxg7 Qxg7 51. Qxe4 Qc3 52. Qe8+ Kg7 53. Qxa4 Qd2+ 54. Kb1 Qxd5 55. Qc2 Kf6 56. Kb2 Ke5 57. Qc7+ Qd6 58. Qc3+ Ke6 59. Kb3 Qd1+ 60. Ka3 Kd7 61. b5 Qd6+ 62. Ka4 Qc7 63. Qh3+ Kd8 64. Qe6 Qc3 65. b6 Qb4+ 1/2-1/2

[Event "SVK-chT 2223"]
[Site "Slovakia"]
[Date "2022.12.10"]
[Round "3.3"]
[White "Sipos, Istvan"]
[Black "Vojtek, Vladimir"]
[Result "1-0"]
[WhiteElo "2464"]
[BlackElo "2256"]
[PlyCount "44"]
[EventDate "2022.10.22"]
[EventType "team-tourn"]
[EventRounds "11"]
[EventCountry "SVK"]
[SourceTitle "EXT 2024"]
[Source "ChessBase"]
[SourceDate "2023.10.10"]
[SourceVersion "1"]
[SourceVersionDate "2023.10.10"]
[SourceQuality "1"]
[WhiteTeam "Cebovce"]
[BlackTeam "Dubnica nad Vahom"]
[WhiteTeamCountry "SVK"]
[BlackTeamCountry "SVK"]

1. c4 e6 2. Nc3 d5 3. d4 Nf6 4. Nf3 a6 5. cxd5 exd5 6. Bg5 Be6 7. e3 Nbd7 8. h3 h6 9. Bf4 c5 10. dxc5 Nxc5 11. Nd4 Qb6 12. Rb1 Nce4 13. Bd3 Bb4 14. Nxe6 fxe6 15. 0-0 Bxc3 16. bxc3 Qc6 17. Be5 0-0 18. Bxe4 Nxe4 19. Qd4 Rf7 20. Rb6 Qd7 21. f3 Raf8 22. Rfb1 Ng5 1-0

[Event "SVK-chT 2122"]
[Site "Slovakia"]
[Date "2022.06.11"]
[Round "10.5"]
[White "Vojtek, Vladimir"]
[Black "Urhegyi, Marton"]
[Result "1-0"]
[WhiteElo "2297"]
[BlackElo "2231"]
[PlyCount "137"]
[EventDate "2021.10.23"]
[EventType "team-tourn"]
[EventRounds "11"]
[EventCountry "SVK"]
[SourceTitle "EXT 2023"]
[Source "ChessBase"]
[SourceDate "2022.10.05"]
[SourceVersion "1"]
[SourceVersionDate "2022.10.05"]
[SourceQuality "1"]
[WhiteTeam "Dubnica nad Vahom"]
[BlackTeam "Cebovce"]
[WhiteTeamCountry "SVK"]
[BlackTeamCountry "SVK"]

1. e4 c5 2. Nf3 d6 3. g3 Nc6 4. Bg2 g6 5. 0-0 Bg7 6. c3 Nf6 7. Re1 0-0 8. d3 e5 9. Nbd2 Re8 10. b3 d5 11. Ba3 b6 12. b4 cxb4 13. cxb4 Bb7 14. Rc1 Qd7 15. Qb3 Rad8 16. Bb2 Qd6 17. a3 d4 18. Nc4 Qe6 19. b5 Na5 20. Nxa5 bxa5 21. Qxe6 Rxe6 22. a4 Ne8 23. Bh3 Re7 24. Ba3 Rc7 25. Rxc7 Nxc7 26. Bc5 Ra8 27. Bd6 Ne6 28. Rc1 Re8 29. Bxe6 Rxe6 30. Bb8 Re7 31. Rc7 Rxc7 32. Bxc7 f5 33. Nd2 Bh6 34. f4 exf4 35. gxf4 a6 36. b6 fxe4 37. Nxe4 Bf8 38. Be5 Kf7 39. Bxd4 Ke6 40. Kf2 Ba3 41. Ke2 Kd5 42. Be3 h6 43. Nd2 Bb4 44. Nc4 Bc8 45. Kd1 Kc6 46. Kc2 Kb7 47. Bd2 Bc5 48. Bxa5 Bd7 49. Kb3 g5 50. fxg5 hxg5 51. Bd2 Bg1 52. Bxg5 Bxh2 53. Be3 Be6 54. Kb4 Bxc4 55. Kxc4 Kc6 56. Bc5 Bg3 57. d4 Bf4 58. d5+ Kd7 59. Kd3 Be5 60. Ke4 Bg3 61. Be3 Kc8 62. Kf5 Bh2 63. Ke6 Kb7 64. Bc5 Bf4 65. d6 Bxd6 66. Kxd6 a5 67. Bd4 Ka6 68. Kc5 Kb7 69. Kb5 1-0

[Event "SVK-chT1W 2122"]
[Site "Slovakia"]
[Date "2022.05.15"]
[Round "11.2"]
[White "Berek, Geza"]
[Black "Vojtek, Vladimir"]
[Result "0-1"]
[WhiteElo "2185"]
[BlackElo "2276"]
[PlyCount "66"]
[EventDate "2021.11.06"]
[EventType "team-tourn"]
[EventRounds "11"]
[EventCountry "SVK"]
[SourceTitle "EXT 2023"]
[Source "ChessBase"]
[SourceDate "2022.10.05"]
[SourceVersion "1"]
[SourceVersionDate "2022.10.05"]
[SourceQuality "1"]
[WhiteTeam "Batorove Kosihy"]
[BlackTeam "Dubnica nad Vahom II"]
[WhiteTeamCountry "SVK"]
[BlackTeamCountry "SVK"]

1. e4 c5 2. Nf3 d6 3. d4 cxd4 4. Nxd4 Nf6 5. Nc3 a6 6. Be3 e5 7. Nf3 Be7 8. Bc4 0-0 9. 0-0 Be6 10. Bb3 h6 11. Qe2 Qc7 12. Rfd1 Nbd7 13. Nd5 Nxd5 14. Bxd5 Bxd5 15. exd5 f5 16. Rac1 Bf6 17. c4 f4 18. Bd2 Rae8 19. Bc3 e4 20. Nd4 f3 21. gxf3 exf3 22. Qd3 Ne5 23. Qf1 Qf7 24. Ne6 Qh5 25. Nxf8 Rxf8 26. c5 Bg5 27. Bxe5 dxe5 28. Rc4 Bf4 29. h3 Rf6 30. d6 Rg6+ 31. Kh1 Rg2 32. Qxg2 fxg2+ 33. Kxg2 Qxd1 0-1

[Event "SVK-chT1W 2122"]
[Site "Slovakia"]
[Date "2022.05.14"]
[Round "10.2"]
[White "Vojtek, Vladimir"]
[Black "Borosova, Zuzana"]
[Result "1/2-1/2"]
[WhiteElo "2276"]
[BlackElo "2265"]
[PlyCount "139"]
[EventDate "2021.11.06"]
[EventType "team-tourn"]
[EventRounds "11"]
[EventCountry "SVK"]
[SourceTitle "EXT 2023"]
[Source "ChessBase"]
[SourceDate "2022.10.05"]
[SourceVersion "1"]
[SourceVersionDate "2022.10.05"]
[SourceQuality "1"]
[WhiteTeam "Dubnica nad Vahom II"]
[BlackTeam "Komarno"]
[WhiteTeamCountry "SVK"]
[BlackTeamCountry "SVK"]

1. d4 d5 2. Nf3 Nf6 3. e3 c5 4. b3 Nc6 5. Bb2 e6 6. Nbd2 Be7 7. Bd3 b6 8. 0-0 Bb7 9. Ne5 0-0 10. f4 Nb4 11. Be2 Ne4 12. a3 Nc6 13. Bd3 f5 14. Nxc6 Bxc6 15. Nf3 Bf6 16. Qc1 Rc8 17. dxc5 Nxc5 18. Bxf6 Rxf6 19. Qb2 Bb7 20. Rad1 Qe8 21. Qd4 Rf7 22. Rd2 Rfc7 23. Qe5 Nd7 24. Qb2 Nc5 25. Qe5 Nd7 26. Qa1 Nc5 27. Nd4 Ba6 28. a4 Bxd3 29. cxd3 e5 30. fxe5 Qxe5 31. Qe1 f4 32. Nb5 Qxe3+ 33. Qxe3 fxe3 34. Rc2 e2 35. Rxe2 Rd7 36. Rc1 Rf8 37. Rc3 d4 38. Rc4 Nxb3 39. Rb2 Nc5 40. Rxd4 Rxd4 41. Nxd4 Nxd3 42. Rd2 Nc5 43. Nc6 a5 44. Ne7+ Kf7 45. Nd5 Rb8 46. Nc3 Re8 47. Kf2 Re4 48. Rd8 Rc4 49. Nb5 Rxa4 50. Rb8 Rb4 51. Rxb6 Ke7 52. Nc7 Rxb6 53. Nd5+ Ke6 54. Nxb6 a4 55. Nc4 Kd5 56. Na3 Kd4 57. Ke2 Kc3 58. Ke3 Kb3 59. Nb5 a3 60. Nxa3 Kxa3 61. Kd4 Kb4 62. Kd5 Nd3 63. Ke6 Nf4+ 64. Kf7 Nxg2 65. Kxg7 h5 66. Kg6 h4 67. Kg5 Kc4 68. Kg4 Kd3 69. Kh3 Nf4+ 70. Kxh4 1/2-1/2

[Event "SVK-chT1W 2122"]
[Site "Slovakia"]
[Date "2022.03.20"]
[Round "6.1"]
[White "Vojtek, Vladimir"]
[Black "Manik, Mikulas"]
[Result "0-1"]
[WhiteElo "2276"]
[BlackElo "2367"]
[PlyCount "50"]
[EventDate "2021.11.06"]
[EventType "team-tourn"]
[EventRounds "11"]
[EventCountry "SVK"]
[SourceTitle "EXT 2023"]
[Source "ChessBase"]
[SourceDate "2022.10.05"]
[SourceVersion "1"]
[SourceVersionDate "2022.10.05"]
[SourceQuality "1"]
[WhiteTeam "Dubnica nad Vahom II"]
[BlackTeam "Topolcany"]
[WhiteTeamCountry "SVK"]
[BlackTeamCountry "SVK"]

1. e4 c5 2. Nf3 Nc6 3. Nc3 g6 4. d4 cxd4 5. Nxd4 Bg7 6. Be3 Nf6 7. Nxc6 bxc6 8. e5 Ng8 9. f4 f6 10. Bd4 Qa5 11. Qd2 fxe5 12. fxe5 Rb8 13. Bc4 c5 14. Qf4 Kd8 15. Qf7 Bh6 16. 0-0 cxd4 17. Nd5 d6 18. Rae1 Qc5 19. exd6 Qxd6 20. Re4 Bd7 21. Kh1 e5 22. Qf3 Bc6 23. Rh4 Bf4 24. Rd1 g5 25. Rxf4 gxf4 0-1

[Event "SVK-chT 2122"]
[Site "Slovakia"]
[Date "2022.02.20"]
[Round "4.1"]
[White "Borhy, Marcell Boldizsar"]
[Black "Vojtek, Vladimir"]
[Result "1-0"]
[WhiteElo "2374"]
[BlackElo "2257"]
[PlyCount "71"]
[EventDate "2021.10.23"]
[EventType "team-tourn"]
[EventRounds "11"]
[EventCountry "SVK"]
[SourceTitle "EXT 2023"]
[Source "ChessBase"]
[SourceDate "2022.10.05"]
[SourceVersion "1"]
[SourceVersionDate "2022.10.05"]
[SourceQuality "1"]
[WhiteTeam "Dunajska Streda"]
[BlackTeam "Dubnica nad Vahom"]
[WhiteTeamCountry "SVK"]
[BlackTeamCountry "SVK"]

1. Nf3 d5 2. d4 Bf5 3. c4 e6 4. Nc3 Nc6 5. cxd5 exd5 6. Bf4 Bd6 7. Bxd6 Qxd6 8. e3 Nf6 9. Be2 0-0 10. 0-0 Rfe8 11. Rc1 a6 12. Na4 Ne4 13. Nc5 Nd8 14. b4 a5 15. Qa4 Ne6 16. Nh4 N6xc5 17. bxc5 Qf6 18. Nxf5 Qxf5 19. Bd3 Qg5 20. Rc2 Re7 21. Rb1 c6 22. Bxe4 dxe4 23. Rcb2 h5 24. Rxb7 Re6 25. Rb8+ Rxb8 26. Rxb8+ Kh7 27. Qxa5 Rg6 28. g3 Qg4 29. Qe1 h4 30. Rb2 f5 31. Qe2 Qg5 32. a4 Rf6 33. a5 f4 34. exf4 Rxf4 35. Qe3 hxg3 36. hxg3 1-0

[Event "Tatranska Lomnica Tatry op"]
[Site "Tatranska Lomnica"]
[Date "2021.10.09"]
[Round "9"]
[White "Vojtek, Vladimir"]
[Black "Kusa, Jakub"]
[Result "1/2-1/2"]
[WhiteElo "2257"]
[BlackElo "2303"]
[PlyCount "141"]
[EventDate "2021.10.02"]
[EventType "swiss"]
[EventRounds "9"]
[EventCountry "SVK"]
[SourceTitle "EXT 2023"]
[Source "ChessBase"]
[SourceDate "2022.10.05"]
[SourceVersion "1"]
[SourceVersionDate "2022.10.05"]
[SourceQuality "1"]

1. e4 e5 2. Nf3 Nc6 3. Bb5 a6 4. Ba4 Nf6 5. 0-0 Nxe4 6. Re1 Nc5 7. Bxc6 dxc6 8. Nxe5 Be7 9. d4 Ne6 10. Be3 0-0 11. c4 f6 12. Nf3 f5 13. Nc3 f4 14. Bc1 Bf6 15. Ne2 Ng5 16. Nxg5 Bxg5 17. f3 Be6 18. b3 h6 19. Nxf4 Bxc4 20. bxc4 Bxf4 21. Re4 Bxc1 22. Rxc1 Qf6 23. Qe2 Rad8 24. Qe3 Rd7 25. h3 Rfd8 26. Rd1 Kh7 27. Kh1 Qf7 28. Re6 Qf5 29. Re4 Qf7 30. Qd3 Kg8 31. Qb3 c5 32. d5 c6 33. Rb1 cxd5 34. cxd5 b5 35. Qa3 Qxd5 36. Qxa6 b4 37. Rc1 Ra8 38. Qg6 Rd6 39. Qg4 Kh7 40. Rec4 Rg6 41. Rxc5 Qxa2 42. R5c2 Qxc2 43. Rxc2 Rxg4 44. hxg4 Rb8 45. Kg1 b3 46. Rb2 Kg6 47. Kf2 Kf6 48. Ke3 Ke5 49. g3 Kd5 50. Kd3 Rf8 51. Rf2 b2 52. Kc2 Rf7 53. Kxb2 Kd4 54. f4 Ke3 55. Rc2 Kf3 56. g5 Kxg3 57. gxh6 gxh6 58. Rc5 Kxf4 59. Kc2 Rd7 60. Rh5 Rd6 61. Rh1 Kg4 62. Rg1+ Kf3 63. Rh1 Kg2 64. Rh5 Kg3 65. Rh1 Kg4 66. Rg1+ Kf5 67. Rf1+ Kg6 68. Rd1 Rf6 69. Kd2 h5 70. Ke2 h4 71. Rf1 1/2-1/2

[Event "Tatranska Lomnica Tatry op"]
[Site "Tatranska Lomnica"]
[Date "2021.10.03"]
[Round "2"]
[White "Kukucka, Matej"]
[Black "Vojtek, Vladimir"]
[Result "0-1"]
[WhiteElo "2096"]
[BlackElo "2257"]
[PlyCount "98"]
[EventDate "2021.10.02"]
[EventType "swiss"]
[EventRounds "9"]
[EventCountry "SVK"]
[SourceTitle "EXT 2023"]
[Source "ChessBase"]
[SourceDate "2022.10.05"]
[SourceVersion "1"]
[SourceVersionDate "2022.10.05"]
[SourceQuality "1"]

1. d4 e6 2. c4 f5 3. Nc3 Nf6 4. g3 c6 5. Bg2 d5 6. Nh3 Be7 7. 0-0 0-0 8. Qc2 a5 9. c5 Na6 10. Nf4 b6 11. cxb6 Qxb6 12. Rd1 Ra7 13. Na4 Qb5 14. Nd3 Ne4 15. Be3 Nb4 16. Nxb4 axb4 17. b3 Ba6 18. f3 Nd6 19. Bf1 Qb7 20. Nc5 Qc8 21. Bd2 Qb8 22. Nxe6 Rf6 23. Nc5 Bc8 24. Bf4 Qb6 25. Na4 Qd8 26. Rac1 Nf7 27. Kg2 g5 28. Be5 Rg6 29. e3 Nxe5 30. dxe5 f4 31. Bd3 Rh6 32. exf4 gxf4 33. gxf4 Qf8 34. f5 Qg7+ 35. Kh1 Qxe5 36. Rg1+ Kf8 37. Nb6 Bd6 38. Rg2 Rg7 39. Rcg1 Rxg2 40. Rxg2 Qe1+ 41. Rg1 Qe3 42. Nxc8 Bxh2 43. Qxh2 Qxf3+ 44. Rg2 Qd1+ 45. Rg1 Rxh2+ 46. Kxh2 Qxd3 47. Rg2 Qf3 48. Rg3 Qf4 49. Kg2 Qc7 0-1

[Event "Tatranska Lomnica Tatry op"]
[Site "Tatranska Lomnica"]
[Date "2021.10.02"]
[Round "1"]
[White "Vojtek, Vladimir"]
[Black "Psaila, Clarence"]
[Result "1-0"]
[WhiteElo "2257"]
[BlackElo "1946"]
[PlyCount "67"]
[EventDate "2021.10.02"]
[EventType "swiss"]
[EventRounds "9"]
[EventCountry "SVK"]
[SourceTitle "EXT 2023"]
[Source "ChessBase"]
[SourceDate "2022.10.05"]
[SourceVersion "1"]
[SourceVersionDate "2022.10.05"]
[SourceQuality "1"]

1. e4 e6 2. d4 d5 3. Nc3 Bb4 4. a3 Bxc3+ 5. bxc3 Ne7 6. Bd3 b6 7. Nf3 Ba6 8. Bxa6 Nxa6 9. exd5 exd5 10. Qd3 Nb8 11. 0-0 0-0 12. Ng5 Ng6 13. h4 h6 14. h5 hxg5 15. hxg6 Qf6 16. gxf7+ Rxf7 17. Qg3 Nc6 18. Qxg5 Qxg5 19. Bxg5 Rf5 20. Bh4 Re8 21. Rfe1 Rff8 22. Bg3 Na5 23. Bxc7 Rxe1+ 24. Rxe1 Rc8 25. Re7 Nc4 26. a4 Kf8 27. Rd7 Nb2 28. a5 Nc4 29. a6 g6 30. Bf4 Na5 31. Rxa7 Rxc3 32. Ra8+ Kg7 33. a7 Nc6 34. Rc8 1-0

[Event "Ceske Budejovice op"]
[Site "Ceske Budejovice"]
[Date "2021.07.03"]
[Round "3"]
[White "Schnider, Gert"]
[Black "Vojtek, Vladimir"]
[Result "1/2-1/2"]
[WhiteElo "2416"]
[BlackElo "2251"]
[PlyCount "150"]
[EventDate "2021.07.01"]
[EventType "swiss"]
[EventRounds "9"]
[EventCountry "CZE"]
[SourceTitle "CBM 203 Extra"]
[Source "ChessBase"]
[SourceDate "2021.09.30"]
[SourceVersion "1"]
[SourceVersionDate "2021.09.30"]
[SourceQuality "1"]

1. d4 d5 2. c4 e6 3. Nc3 Be7 4. Bf4 Nf6 5. e3 0-0 6. Nf3 b6 7. Be2 Bb7 8. 0-0 Nh5 9. Be5 dxc4 10. Nd2 Nf6 11. Nxc4 Nbd7 12. Bg3 Nd5 13. Rc1 Bh4 14. Bxh4 Qxh4 15. Bf3 N7f6 16. Ne5 Rac8 17. Qa4 a6 18. Qa3 Nxc3 19. Rxc3 Ne4 20. Rc2 Rfd8 21. Qd3 f5 22. g3 Qf6 23. Nc6 Ng5 24. Bg2 Rd6 25. Rfc1 Re8 26. f4 Nf7 27. Qe2 a5 28. Ne5 Bxg2 29. Qxg2 c5 30. Nc4 Rdd8 31. dxc5 bxc5 32. Nxa5 e5 33. Nc6 Rd3 34. Qe2 Qd6 35. Nd4 exd4 36. Qxd3 Rxe3 37. Qxf5 d3 38. Qxc5 d2 39. Qxd6 dxc1Q+ 40. Rxc1 Nxd6 41. Kf2 Re7 42. Rc2 Kf7 43. Re2 Ra7 44. b3 Nb5 45. a4 Nd4 46. Rb2 h5 47. Ke3 Nxb3 48. Rxb3 Rxa4 49. Rb2 g6 50. Kf3 Kf6 51. Kg2 h4 52. Rb6+ Kg7 53. Kh3 hxg3 54. hxg3 Rc4 55. Kg4 Rc5 56. Re6 Rc3 57. Kh4 Rf3 58. Ra6 Kf7 59. Ra7+ Kf6 60. Rb7 Ra3 61. g4 g5+ 62. fxg5+ Kg6 63. Rb6+ Kg7 64. g6 Kh6 65. Rf6 Ra1 66. g5+ Kg7 67. Re6 Rg1 68. Rd6 Rh1+ 69. Kg4 Rg1+ 70. Kf5 Rf1+ 71. Ke5 Re1+ 72. Kd5 Rd1+ 73. Kc6 Rxd6+ 74. Kxd6 Kxg6 75. Ke6 Kxg5 1/2-1/2

[Event "SVK-chT 1920"]
[Site "Slovakia"]
[Date "2020.02.29"]
[Round "7.6"]
[White "Dovzik, Juri"]
[Black "Vojtek, Vladimir"]
[Result "1-0"]
[WhiteElo "2275"]
[BlackElo "2278"]
[PlyCount "124"]
[EventDate "2019.10.19"]
[EventType "team-tourn"]
[EventRounds "11"]
[EventCountry "SVK"]
[SourceTitle "CBM 195 Extra"]
[Source "ChessBase"]
[SourceDate "2020.05.31"]
[SourceVersion "1"]
[SourceVersionDate "2020.05.31"]
[SourceQuality "1"]
[WhiteTeam "Kosice Slavia UPJS"]
[BlackTeam "Dubnica nad Vahom"]
[WhiteTeamCountry "SVK"]
[BlackTeamCountry "SVK"]

1. c4 e5 2. Nc3 Nf6 3. e3 d5 4. cxd5 Nxd5 5. Nf3 Nxc3 6. bxc3 Bd6 7. d4 Nd7 8. Be2 0-0 9. 0-0 Re8 10. a4 Qe7 11. a5 Rb8 12. Re1 h6 13. e4 c6 14. Bf1 b5 15. axb6 axb6 16. h3 b5 17. Rb1 Rd8 18. Qc2 Qf6 19. Be3 Bb7 20. c4 bxc4 21. Bxc4 Ba8 22. Rxb8 Rxb8 23. Rb1 Rf8 24. Rd1 Bc7 25. Qa2 exd4 26. Bxd4 Ne5 27. Nxe5 Bxe5 28. Bxe5 Qxe5 29. Bxf7+ Kh8 30. f3 Bb7 31. Be6 Ra8 32. Qb3 Ba6 33. Bf5 Bb5 34. Qf7 Qg3 35. Qe7 Qb8 36. e5 Bc4 37. Be4 Bg8 38. Rd7 Qf8 39. Qxf8 Rxf8 40. Bxc6 Re8 41. f4 g5 42. g3 gxf4 43. gxf4 Rf8 44. Rd4 Rc8 45. Bf3 Kg7 46. Bg4 Rc3 47. Rd7+ Kf8 48. e6 h5 49. e7+ Ke8 50. Bxh5+ Bf7 51. Bxf7+ Kxf7 52. Kg2 Rb3 53. Rc7 Ra3 54. h4 Ke8 55. f5 Kf7 56. f6 Ra8 57. Rc6 Ra2+ 58. Kf3 Ra3+ 59. Ke4 Ra4+ 60. Ke5 Ra5+ 61. Kd6 Ra8 62. Kd7 Ra1 1-0